header

Interaction and mobility (Record no. 151629)

MARC details
000 -LEADER
fixed length control field 01780nam a2200409 a 4500
082 04 - DEWEY DECIMAL CLASSIFICATION NUMBER
Classification number 302.2/22
245 00 - TITLE STATEMENT
Title Interaction and mobility
260 ## - PUBLICATION, DISTRIBUTION, ETC. (IMPRINT)
Place of publication Berlin :
Name of publisher De Gruyter,
Year of publication 2013.
300 ## - PHYSICAL DESCRIPTION
Number of Pages xi, 430 p. :
Other physical details ill.
505 0# - FORMATTED CONTENTS NOTE
Formatted contents note pt. I. Introduction -- pt. II. Staging and collaborating for mobility -- pt. III. Projecting and engaging mobility -- pt. IV. Coordinating and controlling mobility -- pt. V. Creating and performing mobility -- pt. VI. Epilogue.
650 #0 - SUBJECT ADDED ENTRY--TOPICAL TERM
Topical Term Communication models.
Topical Term Body language
Topical Term Gesture.
Topical Term Nonverbal communication.
Topical Term Social interaction.
Topical Term Symbolic interactionism.
700 1# - ADDED ENTRY--PERSONAL NAME
Personal name Haddington, Pentti.
Personal name Mondada, Lorenza.
Personal name Nevile, Maurice,
856 40 - ELECTRONIC LOCATION AND ACCESS
Uniform Resource Identifier http://site.ebrary.com/lib/rucke/Doc?id=10728902

No items available.

© 2026 Rongo University
Contact us: librarian | system librarian | Rongo university